00179nam a2200073Ia 4500008004100000100001300041245002300054260002800077170817s9999 xx 000 0 und d aYADAV S. 0aPaathyakram vikaas bAgarwal Prakashan Agara